Alaska : (Record no. 7994)

MARC details
000 -LEADER
fixed length control field 00626nam a22002052 4500
001 - CONTROL NUMBER
control field 0000009694
005 - DATE AND TIME OF LATEST TRANSACTION
control field 20151217152058.0
008 - FIXED-LENGTH DATA ELEMENTS--GENERAL INFORMATION
fixed length control field 081117s xx 000 0 eng d
020 ## - INTERNATIONAL STANDARD BOOK NUMBER
International Standard Book Number 0870441930 :
040 ## - CATALOGING SOURCE
Original cataloging agency KABU
Transcribing agency KABU
110 2# - MAIN ENTRY--CORPORATE NAME
Corporate name or jurisdiction name as entry element National Geographic Society (U.S.)
-- 0000010479
245 10 - TITLE STATEMENT
Title Alaska :
Remainder of title high roads to adventure /
Statement of responsibility, etc. National Geographic Society.
250 ## - EDITION STATEMENT
Edition statement 1st ed.
260 ## - PUBLICATION, DISTRIBUTION, ETC. (IMPRINT)
Place of publication, distribution, etc. Washington, D. C. :
Name of publisher, distributor, etc. NGS,
Date of publication, distribution, etc. 1976.
300 ## - PHYSICAL DESCRIPTION
Extent 199 p.
651 #0 - SUBJECT ADDED ENTRY--GEOGRAPHIC NAME
Geographic name Alaska
General subdivision Description and travel.
-- 0000161436
852 1# - LOCATION
-- p500 KES
908 ## - PUT COMMAND PARAMETER (RLIN)
Put command parameter 081117
950 ## - LOCAL HOLDINGS (RLIN)
-- 1
Holdings
Withdrawn status Lost status Source of classification or shelving scheme Not for loan Home library Current library Date acquired Total Checkouts Full call number Barcode Date last seen Price effective from Koha item type
    Library of Congress Classification   Kabarak, Main Campus Kabarak, Main Campus 17/12/2015   F910 .N38 1976 c. 1 15551 17/12/2015 17/12/2015 General Collection
Designed with assistance from East African Informatics Ltd